000 00832nam a22002057a 4500
999 _c380
_d380
003 AR-CdUCM
008 190223b ||||| |||| 00| 0 spa d
040 _aMUNICIPALIDAD PROVINCIAL DEL CUSCO
_cBIBLIOTECA MUNICIPAL DEL CUSCO
082 _a985 /
_bR81
100 _aRomero, Emilio
_91531
245 _aPerú por los senderos de América /
260 _aMéxico :
_bTalleres gráficos La Carpeta, S.A,
_c1955.
300 _a178 páginas ;
_c20 cm.
505 _aDe la unidad americana a la diferenciación -- Lenguaje externo y lenguaje interno -- Aparente desintegración religiosa -- La función de la economía continental en la desintegración -- La etapa romántica del panamericanismo ...
650 _aAmérica.
_91348
650 _aPerú.
_935
650 _aHombre.
_9838
942 _2ddc
_cLIBROS
945 _amvr
_d2019-02-23